000 00345 a2200169 4500
001 184193
020 _a85-16-01107-0
040 _cMagnum
100 _aBandeira, Pedro
240 1 0 _aAnjo da morte
_lpor
245 1 0 _aAnjo da morte
300 _a142
362 0 _a1997
440 1 _aModerna
697 _aLITERATURA JUVENIL
942 _cBK
999 _c184193
_d184193